000 00318nam a2200109Ia 4500
008 180205s9999 xx 000 0 und d
020 _a9789715847056
100 _aClark, Carolyn chambers
245 _aClassroom skills for nurse educators /
260 _aQuezon City
_bC & E publishing
_c2008
300 _aiii, 417 pages
999 _c354809
_d354809